Statistics for Geography Chain Pyramid Game #5

Click here to take the quiz!

General Stats

  • This quiz has been taken 2,830 times
    (2,792 since last reset)
  • The average score is 11 of 15

Answer Stats

HintAnswer% Correct
1Most continents start with this letterA
100%
2Alabama abbrevitationAL
97%
6Fjord countryNorway
91%
10Côte d'IvoireIvory Coast
88%
3Netherlands are what kind of lands?Low
78%
4German name of ViennaWien
78%
12Polynesian island known for its statuesEaster Island
75%
7China's longest riverYangtze
75%
11Site of the annual New Year's Eve ball dropTimes Square
70%
8Country once historically known as AbyssiniaEthiopia
68%
15Island nation just north of VenezuelaTrinidad & Tobago
64%
5Japanese name for JapanNihon
58%
9The traditional first course of a formal Italian mealAntipasti
48%
14Semi-arid sandy savannah in southern AfricaKalahari Desert
36%
13"Jerusalem's most recognizable landmark" (shrine)Dome of the Rock
32%

Score Distribution

Percentile by Number Answered

Percent of People with Each Score

Your Score History

You have not taken this quiz since the last reset